000 00575nam a22001817a 4500
005 20251108175812.0
008 250721s2019 xx 000 0 ara d
082 1 4 _aط/ق/سعي
100 1 _aبنت سعيد، مريم
245 1 0 _aقصص مبتعثة اماراتية في المملكة المتحدة /
264 1 _aالشارقة :
_bدار السيف للنشر،
_c2019.
300 _a207ص.
650 1 7 _aادب الاطفال
650 1 7 _aالقصص القصيرة
653 _aناشئون كبار(15-18)سنة
942 _2ddc
_cBK
999 _c142788
_d142788